000 01169 a2200265 4500
001 45484
005 20260407155727.0
008 260407a2010 arg spa d
003 AR-UNSa-BCEJYS
040 _aAR-UNSa-BCEJYS
_bspa
_cAR-UNSa-BCEJYS
080 _a304.4(82)
_xAspectos generales de las políticas y prácticas sociales y culturales en Argentina (política social)
245 1 0 _aEl papel de los muncipios en la inversión pública social en infancia y adolescencia
_pResultados de una encuesta nacional a municipios argentinos
020 _a978-987-1479-29-0
264 1 _aBuenos Aires :
_bCIPPEC
_c2010
300 _a73 p.
_c23 cm.
505 _a1. Caracterización de los gobiernos locales en la Argentina – 2. La descentralización hacia los municipios – 3. Resultados en la encuesta – 4. Reflexiones finales.
041 _aspa
942 _cBK
590 _aniveau_biblio:m niveau_hierar:0
100 1 _aOlaviaga, Sofía
700 1 _aMaceira, Daniel
700 1 _aFernández Arroyo, Nicolás
700 1 _aBoix, María Victoria
856 4 1 _uhttps://www.biblioeco.unsa.edu.ar/pmb/images/libros/L127116.jpg
_yImagen de portada
_qimage/jpeg
999 _c3937
_d3937